[Event "FRA-ch Blitz Online Qual"]
[Site "Europe Echecs INT"]
[Date "2020.05.16"]
[Round "10"]
[White "Mareau, Timothe"]
[Black "Bernard, Louis"]
[Result "0-1"]
[WhiteElo "1642"]
[BlackElo "1993"]
[PlyCount "106"]
[EventDate "2020.05.16"]
[EventType "swiss (blitz)"]
[EventRounds "15"]
[EventCountry "FRA"]
[SourceTitle "CBM 196 Extra"]
[Source "ChessBase"]
[SourceDate "2020.07.31"]
[SourceVersion "1"]
[SourceVersionDate "2020.07.31"]
[SourceQuality "1"]

1. e4 e5 2. d4 exd4 3. Nf3 g6 4. Bc4 Bg7 5. Nxd4 Nf6 6. f3 Nc6 7. Be3 d6 8. Nc3 Bd7 9. Qd2 Na5 10. Bb3 Qe7 11. 0-0-0 Nxb3+ 12. axb3 0-0-0 13. Ndb5 a6 14. Na3 Bc6 15. Nc4 d5 16. exd5 Nxd5 17. Nxd5 Bxd5 18. Bd4 Bxc4 19. Bxg7 Rxd2 20. Rxd2 Rg8 21. bxc4 Rxg7 22. Rhd1 f5 23. c5 c6 24. b4 Kc7 25. c3 Qe8 26. h4 Re7 27. Rd6 Re2 28. g4 fxg4 29. fxg4 Re4 30. g5 Rxh4 31. Kb2 Rg4 32. Kb3 Rxg5 33. R1d4 Rd5 34. R4xd5 cxd5 35. Rxd5 Qe6 36. c4 h5 37. Rd6 Qxd6 38. cxd6+ Kxd6 39. Kc3 g5 40. Kd3 g4 41. Ke3 h4 42. Kf2 g3+ 43. Kg2 Ke5 44. b5 axb5 45. cxb5 Kd5 46. b6 Kc6 47. Kh3 Kxb6 48. Kxh4 g2 49. Kg3 g1Q+ 50. Kf4 Qf2+ 51. Ke4 Kc5 52. Kd3 Qf3+ 53. Kd2 Kd4 0-1